000 00766nam a2200277 4500
001 35911
003 BD-RjUL
005 20211209052412.0
008 140611s1969 enk b 001 0 eng
020 _a0710063237
035 _a(BD-RjUL)36007
040 _aDLC
_cDLC
_dDLC
_dBD-RjUL
_beng
041 _aeng
082 0 0 _a320
_bWIP 1969
100 1 _aWiseman, H. Victor
_q(Herbert Victor)
_9109335
245 1 0 _aPolitics :
_bthe master science /
_cby H. Victor Wiseman.
260 _aLondon :
_bRoutledge & K. Paul,
_c1969.
300 _aix, 105 p. ;
_c23 cm.
350 _a16/-
504 _aBibliography: p. 99-101.
504 _aIncludes index.
650 0 _aPolitical science.
_9109343
942 _2ddc
_cBK
999 _c35911
_d35911